Associate Degree Nursing and the Nursing Home (Record no. 3950)
[ view plain ]
| 000 -LEADER | |
|---|---|
| fixed length control field | 01183cam a22001814a 4500 |
| 005 - ΗΜΕΡΟΜΗΝΙΑ ΚΑΙ ΩΡΑ ΤΕΛΕΥΤΑΙΑΣ ΕΝΗΜΕΡΩΣΗΣ | |
| Πεδίο ελέγχου | 20250605163418.0 |
| 008 - FIXED-LENGTH DATA ELEMENTS--GENERAL INFORMATION | |
| Πεδίο ελέγχου σταθερού μήκους | 250528s ||||||||||||||||||||||||d |
| 035 ## - SYSTEM CONTROL NUMBER | |
| System control number | 18601 |
| 020 ## - ISBN | |
| ISBN | 887374239 |
| 040 ## - ΠΗΓΗ ΚΑΤΑΛΟΓΟΓΡΑΦΗΣΗΣ | |
| Φορέας πρωτότυπης καταλογογράφησης | MC Athens Campus Library |
| Γλώσσα καταλογογράφησης | Ελληνικά, Μοντέρνα (1453-) |
| Modifying agency | MC Athens Campus Library |
| Κανόνες περιγραφικής καταλογογράφησης | AACR2 |
| 245 1# - ΤΙΤΛΟΣ ΚΑΙ ΔΗΛΩΣΗ ΥΠΕΥΘΥΝΟΤΗΤΑΣ | |
| Τίτλος | Associate Degree Nursing and the Nursing Home |
| 260 ## - PUBLICATION, DISTRIBUTION, ETC. | |
| Name of publisher, distributor, etc. | National League For Nursing, |
| Date of publication, distribution, etc. | 1988 |
| 300 ## - PHYSICAL DESCRIPTION | |
| Extent | 212 |
| 520 ## - SUMMARY, ETC. | |
| Summary, etc. | The Politics and Economics and Demographics of Health Care and Aging, The Nursing Home Role: Present Realities and Future Responsibilities, Clinical Learning Environment: Realities Versus Creativity, Clinical Learning Environments in Long-Term Care Today and Tomorrow, Facultu and Student and Caregiver Attitudes Towards the Aged, Blueprints for Partnership - Shaping Competency Development: High Tech versus High Touch, Changing Student Interest and Attitudes Preaching versus Teaching, Competency Development: High Tech versus High Touch, The Nursing Home and the ADN Curriculum: Employer-Educator Issues, Faculty and Professional Staff Development - Security versus Change, Nonprofessional Staffe Development: Carrots, Appendix. |
| 942 ## - ADDED ENTRY ELEMENTS (KOHA) | |
| Koha item type | Books |
| Τύπος τεκμηρίου | Βιβλιοθήκη | Τρέχουσα τοποθεσία | Barcode | Αριθμός εισαγωγής | Ημερομηνία απόκτησης | Ταξιθετικό σύμβολο | Αριθμός αντιτύπου | Κατάσταση απόσυρσης | Κατάσταση χαμένου | Κατάσταση κατεστραμμένου | Μη δανεισμός | Σύνολο δανεισμών | Ημερομηνία τελευταίας εμφάνισης | Η τιμή ισχύει από |
|---|---|---|---|---|---|---|---|---|---|---|---|---|---|---|
| Books | MC Athens Campus Library | MC Athens Campus Library | 9780000039491 | 3505 | 05/06/2025 | 362.1/6/0973 NLN | 1 | 05/06/2025 | 05/06/2025 |